=LDR 00000nam 2200000 4500 =001 000840 =005 20250712124617 =035 ##$$a 0010-0725000714 =007 ta =008 250712################a##########0#ind## =020 ##$$a 978-602-244-285-1 =082 ##$$a 398.209 598 =084 ##$$a 398.209 598 ANI r =100 #$$a aniek wijaya =245 1#$$a rumah dendeng /$c aniek wijaya =250 ##$$a pertama =260 ##$$a jakarta :$b pusat perbukuan,$c 2019 =300 ##$$a 32 : $b ilus. ; $c 17,5x25cm =990 ##$$a TBM202400812